Holocaust General Knowledge - Statistics

General Stats
  • This quiz has been taken 570 times
  • The average score is 4 of 11
Answer Stats
Question Answer % Correct
How many Jews were killed during the Holocaust? (Rounded to the nearest million) 6 Million
85%
What was the “Wolf's Lair”? One of Hitler’s headquarters
61%
Who was assassinated? Reinhard Heydrich
52%
Prisoners who policed concentration camps were called... Kapos
47%
Which of these are located in Austria? Mauthausen
39%
Heinrich Müller was the head of.... The Gestapo
37%
Whose body parts ended up in Russia? Adolf Hitler
31%
Who hid documentation about the Warsaw ghetto in milk cans? Emanuel Ringelblum
31%
Who was responsible for Der Stürmer? Julius Streicher
25%
Who condemned “Zionist hoodlums” in her Oscar acceptance speech? Vanessa Redgrave
22%
Which of these was the "model" ghetto? Terezin
16%
No matching quizzes found
Score Distribution
Percent of People with Each Score
Percentile by Number Answered
Your Score History
You have not taken this quiz